Statystyki dla Kapitanowie poszczególnych klubów. #2

Kliknij tutaj aby rozwiązać quiz!

Ogólne statystyki

  • Ten quiz został rozwiązany 41 razy
  • Średni wynik to 3 z 7

Statystyki odpowiedzi

KlubKapitan% Poprawnych
Borussia DortmundMarco Reus
90%
Manchester UnitedHarry Maguire
85%
Manchester Cityİlkay Gündoğan
72%
Real BetisJoaquín
36%
Club BruggeHans Vanaken
26%
BenficaNicolás Otamendi
15%
Szachtar DonieckTaras Stepanenko
10%

Rozkład punktacji

Percentyl według liczby udzielonych odpowiedzi

Procent ludzi z każdym wynikiem

Twoja historia wyników

Nie rozwiązałeś tego quizu